La capacitación para el trabajo: una herramienta clave para la autorrealización de las mujeres de los sectores populares/
El artículo explora el papel fundamental de la capacitación laboral en la autorrealización de las mujeres pertenecientes a los sectores populares. Enfocándose en el contexto de la educación de adultos, la autora analiza cómo la capacitación para el trabajo puede empoderar a las mujeres al brindarles...
Enregistré dans:
| Auteur principal: | |
|---|---|
| Format: | Livre |
| Langue: | Spanish |
| Sujets: | |
| Accès en ligne: | texto completo desde el sitio de la revista |
| Tags: |
Ajouter un tag
Pas de tags, Soyez le premier à ajouter un tag!
|
MARC
| LEADER | 00000nam a22000007a 4500 | ||
|---|---|---|---|
| 003 | cru CIDCACS/IIS | ||
| 005 | 20230904093330.0 | ||
| 008 | 190131s1993 mx |||||r|||||||| ||spa|d | ||
| 040 | |c cru CIDCACS/IIS | ||
| 100 | 1 | |9 8298 |a Zúñiga, Miryan | |
| 245 | 1 | 3 | |a La capacitación para el trabajo: |b una herramienta clave para la autorrealización de las mujeres de los sectores populares/ |c Miryan Zúñiga |
| 300 | |a páginas 19-37 | ||
| 520 | |a El artículo explora el papel fundamental de la capacitación laboral en la autorrealización de las mujeres pertenecientes a los sectores populares. Enfocándose en el contexto de la educación de adultos, la autora analiza cómo la capacitación para el trabajo puede empoderar a las mujeres al brindarles habilidades y conocimientos que les permitan acceder a oportunidades económicas y sociales. El artículo destaca cómo esta capacitación no solo influye en su capacidad para obtener empleo, sino que también contribuye a su autoestima, confianza y sentido de logro. La autora aboga por enfoques inclusivos y sensibles al género en la capacitación laboral para mujeres de sectores populares, reconociendo su potencial para impulsar su autorrealización y mejorar sus condiciones de vida. RAR 08/2023 | ||
| 650 | 0 | |2 OCDE |9 292 |a CAPACITACION | |
| 650 | 0 | |2 OCDE |9 88 |a MUJERES | |
| 650 | 0 | |2 OCDE |9 10286 |a SECTORES POPULARES | |
| 650 | 0 | |2 OCDE |9 2541 |a EDUCACION DE ADULTOS | |
| 650 | 0 | |2 OCDE |9 10573 |a DESARROLLO DE HABILIDADES | |
| 650 | 0 | |2 OCDE |9 964 |a GENERO | |
| 650 | 0 | |2 OCDE |9 11650 |a OPORTUNIDADES | |
| 650 | 0 | |2 UNESCO |9 11594 |a INCLUSION SOCIAL | |
| 773 | 0 | |0 18745 |9 2638 |a OEA. |d México OEA ; CREPAL |o 16592 |t Revista Interamericana de Educación de Adultos/ | |
| 856 | |u http://www.crefal.edu.mx/rieda/images/rieda-1993-2/articulo2.pdf |y texto completo desde el sitio de la revista | ||
| 942 | |2 ddc |c PP | ||
| 999 | |c 42146 |d 42146 | ||
